Responses for Show #8137 - Tuesday, January 14, 2020

Veronica Vichit-Vadakan game 2.

Contestants

[<< previous game]

Marlan Badgett, a business analyst from Austin, Texas

Alissa McKinney, a stay-at-home mom from Irving, Texas

Veronica Vichit-Vadakan, a librarian from Portland, Oregon (whose 1-day cash winnings total $21,999)

[next game >>]

Jeopardy! Round responses

ANAGRAMMED U.S. CITIES
DRAWING QUITE THE CROWD
MYTHOLOGY
TV SHOWS BASED ON BOOKS
LET'S GET MARRIED!
NOW, THE EXCHANGE OF VOWELS
(Alex: Each correct response will be two words differing by one vowel.)
    $200 1
Durham

Alissa
    $200 26
Pope Francis

Veronica
    $200 5
the Amazons

Marlan
    $200 21
M*A*S*H

Marlan
    $200 11
a priest

Alissa
    $200 16
slip & slop

Veronica
    $400 2
Tucson

Marlan
    $400 27
Coachella

Marlan
    $400 7
nymphs

Alissa
    $400 22
13 Reasons Why

Alissa
    $400 12
the best man

Alissa
    $400 17
branch to brunch

Veronica
    $600 3
Pittsburgh

Alissa
    $600 28
Maduro

Veronica
    $600 8
Charybdis

Marlan
    $600 23
True Blood

Alissa
    $600 13
the matron of honor

Marlan
    $600 18
play & ploy

Alissa
    $800 4
Jacksonville

Veronica
    $800 29
Earth Day

Veronica
    $1,200 9
Narcissus

Marlan
    $800 24
Gossip Girl

Alissa
    $800 14
(Marlan: What is [*]?)
[Marlan's response was ruled incorrect and the decision was reversed after the break.]

Something old, something new (*Something borrowed, something blue)

VeronicaMarlan
    $800 19
snatch to snitch

Veronica
    $1000 6
Corpus Christi

Veronica
    $1000 30
the Hajj

Alissa
    $1000 10
(Alissa: Who is Sagittarius?)

Orion

AlissaMarlan
    $1000 25
Dexter

Marlan
    $1000 15
the recessional

Marlan
    $1000 20
busk & bask

Veronica

Scores at the first commercial break (after clue 15):

Veronica Alissa Marlan
$2,600 $800 $5,800

Scores at the end of the Jeopardy! Round:

Veronica Alissa Marlan
$6,600 $4,200 $7,400

Double Jeopardy! Round responses

ALL STARS
MUSEUMS
FOREIGN-BORN OSCAR WINNERS
THE 11th CENTURY
POEMS' SECOND LINES
TRIPLE B
    $400 24
the North Star

Veronica
    $400 7
wax figures

Veronica
    $400 4
(Veronica: What is A Beautiful Mind?)

Gladiator

VeronicaMarlan
    $400 2
the compass

Marlan
    $400 14
"Casey at the Bat"

Marlan
    $400 1
blubber

Marlan
    $800 25
Sirius

Alissa
    $800 8
the British Museum

Veronica
    $800 6
Christian Bale

Veronica
    $800 3
Macbeth

Veronica
    $800 15
Tyger! Tyger! burning bright

Veronica
    $800 22
babbling

Veronica
    $1200 26
(Marlan: What are brown dwarfs?)
(Veronica: What are white dwarfs?)
(Alissa: What are blue stars?)
(Alex: What are [*]?)
[Audience laughter]

red dwarfs

VeronicaAlissaMarlan
Triple Stumper
    $1200 9
Goya

Veronica
    $1200 16
Christoph Waltz

Marlan
    $1200 5
aspirin

Veronica
    $1200 19
How do I love thee

Alissa
    $1200 23
bobble

Triple Stumper
    $1600 27
(Marlan: What is nova? [*]?)
(Alex: Thank you.)

supernova

Marlan
    $3,000 10
Catherine the Great

Veronica
    $1600 17
Alicia Vikander

Triple Stumper
    $1600 12
the Tower of London

Alissa
    $4,000 20
"The Raven"

Alissa
    $1600 29
(Marlan: [Drops head] Ah. What are teenyboppers?)
...
[The end-of-round signal sounds.]

bobby socks

Marlan
Triple Stumper
    $2000 28
Alpha Centauri

Veronica
    $2000 11
Bilbao

Marlan
    $2000 18
The Artist

Marlan
    $2000 13
(Alissa: What is St. Peter's?)

St. Mark's

AlissaMarlan
    $2000 21
"The Battle Hymn of the Republic"

Alissa

Scores at the end of the Double Jeopardy! Round:

Veronica Alissa Marlan
$17,200 $10,600 $15,000

[wagering suggestions for these scores]

Final Jeopardy! Round responses

WORLD GEOGRAPHY
AlissaWhat is the United Kingdom?
$7,500
MarlanWhat is Canada? Eh
$15,000
VeronicaWhat is Canada?
$12,801
Canada

Final scores:

Veronica Alissa Marlan
$30,001 $3,100 $30,000
2-day champion: $52,000 3rd place: $1,000 2nd place: $2,000

Game dynamics:

Coryat scores:

Veronica Alissa Marlan
$15,800 $8,200 $14,600
21 R
(including 1 DD),
2 W
15 R
(including 1 DD),
3 W
20 R
(including 1 DD),
2 W

Combined Coryat: $38,600

[game clues] [game scores] [suggest correction]

Game tape date: 2019-11-12
The J! Archive is created by fans, for fans. Scraping, republication, monetization, and malicious use prohibited; this site may use cookies and collect identifying information. See terms. The Jeopardy! game show and all elements thereof, including but not limited to copyright and trademark thereto, are the property of Jeopardy Productions, Inc. and are protected under law. This website is not affiliated with, sponsored by, or operated by Jeopardy Productions, Inc. Join the discussion at JBoard.tv.